Poradenství v ergoterapii /

Hlavní autor: Jelínková, Jana
Korporativní autor: Univerzita Karlova
Jazyk: Čeština
Vydáno: Praha : Univerzita Karlova, nakladatelství Karolinum, 2023
Vydání: Vydání první
Edice: Učební texty Univerzity Karlovy
Témata:
Fyzický popis: 107 stran : ilustrace ; 21 cm
Knihy
Uloženo v:
LEADER 02102nam a2200565 i 4500
001 nkc20233534650
003 CZ PrNK
005 20231013064947.0
007 ta
008 230726s2023 xr a e p 000 0 cze
015 |a cnb003534650 
020 |a 978-80-246-5501-7  |q (brožováno) 
035 |a (OCoLC)1402156233 
040 |a ABA001  |b cze  |d OLA001  |e rda 
072 7 |a 615.8  |x Fyzioterapie. Psychoterapie. Alternativní lékařství  |2 Konspekt  |9 14 
072 7 |a 37.016  |x Učební osnovy. Vyučovací předměty. Učebnice  |2 Konspekt  |9 22 
080 |a 615.851.3  |2 MRF 
080 |a 659.2  |2 MRF 
080 |a 316.344.6-056.26/.3  |2 MRF 
080 |a 61:004.7  |2 MRF 
080 |a (075.8)  |2 MRF 
100 1 |a Jelínková, Jana  |7 xx0070084  |4 aut 
245 1 0 |a Poradenství v ergoterapii /  |c Jana Jelínková 
250 |a Vydání první 
264 1 |a Praha :  |b Univerzita Karlova, nakladatelství Karolinum,  |c 2023 
300 |a 107 stran :  |b ilustrace ;  |c 21 cm 
336 |a text  |b txt  |2 rdacontent 
337 |a bez média  |b n  |2 rdamedia 
338 |a svazek  |b nc  |2 rdacarrier 
490 1 |a Učební texty Univerzity Karlovy 
504 |a Obsahuje bibliografie 
650 0 7 |a ergoterapie  |7 ph119986  |2 czenas 
650 0 7 |a poradenství  |7 ph124359  |2 czenas 
650 0 7 |a osoby se zdravotním postižením  |7 ph127575  |2 czenas 
650 0 7 |a telemedicína  |7 ph867746  |2 czenas 
650 0 9 |a occupational therapy  |2 eczenas 
650 0 9 |a consulting services  |2 eczenas 
650 0 9 |a people with disabilities  |2 eczenas 
650 0 9 |a telemedicine  |2 eczenas 
655 7 |a učebnice vysokých škol  |7 fd133772  |2 czenas 
655 9 |a textbooks (higher)  |2 eczenas 
710 2 |a Univerzita Karlova  |7 kn20010710036  |4 isb 
810 2 |a Univerzita Karlova.  |t Učební texty  |0 s 
910 2 |a BOA001  |b 2-1513.357 
928 9 |a Karolinum 
990 |a BK 
995 |a 01 
991 |b 202309  |c NOV 
996 6 |b 2610947451  |c 2-1513.357  |l MZK  |r Sklad / do 1 hodiny  |n 0  |p p.v.  |w 001937249  |u 000010  |a 1  |e BOA001  |j MZK50  |s P 
996 7 |b 2610950816  |c 2-1513.357  |l Vol.výběr  |r VV 0p  |n 2  |p kup  |h 615.851 JEL  |w 001937249  |u 000020  |a 0  |e BOA001  |j MZK50  |s A